| 000 | 00776nam a2200229Ii 4500 | ||
|---|---|---|---|
| 003 | JO-AjNU | ||
| 008 | 230605s9999||||xx |||||||||||||| ||und|| | ||
| 017 | _a2011/12/4326 | ||
| 020 | _a978-9957-417-36-9 | ||
| 040 |
_aJO-AjNU _bara _erda _cJO-AjNU |
||
| 041 | _aara | ||
| 050 | 1 | 4 | _aHC54.J8534 2012 |
| 100 | 3 |
_aالجميلي، حميد؛ اشراف ومراجعة همام غصيب, _eauthor _949904 |
|
| 245 | 0 | 0 | _aالحكم الاقتصادي العالمي والصدمة الارتدادية |
| 250 | _aط1 | ||
| 264 | 3 | 1 | _aعمان: منتدى الفكر العربي، 20121 |
| 300 | _a488ص | ||
| 336 |
_atext _btxt _2rdacontent |
||
| 337 |
_aunmediated _bn _2rdamedia |
||
| 338 |
_avolume _bnc _2rdacarrier |
||
| 650 | 4 |
_aالاقتصاد الدولي _949905 |
|
| 999 |
_aA21949 _c25517 _d25517 |
||